000 00535nam a2200217Ia 4500
003 OSt
005 20220918230017.0
006 a|||||r|||| 00| 0
007 ta
008 220917b |||||||| |||| 00| 0 eng d
024 _a247,749
037 _cTextual
040 _aARTS
_cARTS
_beng
041 _2eng
_aeng
082 _aX7, K3
100 _aDue John F.
_9129556
245 0 _aGovernment finace
260 _aHomewood
_bRichard D.
_c1963
942 _hX7, K3
_cTEXL
_2CC
999 _c286750
_d286750